Whom God hath joined. (Record no. 14645)

000 -LEADER
fixed length control field 00539nam a2200181 a 4500
001 - CONTROL NUMBER
control field :::00012478$&:&@@
003 - CONTROL NUMBER IDENTIFIER
control field OkBaRHE
005 - DATE AND TIME OF LATEST TRANSACTION
control field 20000607103419.0
008 - FIXED-LENGTH DATA ELEMENTS--GENERAL INFORMATION
fixed length control field s1953 j 000 0 eng u
040 ## - CATALOGING SOURCE
Transcribing agency
100 1# - MAIN ENTRY--PERSONAL NAME
Personal name Mace, D. R. (David Robert).
245 10 - TITLE STATEMENT
Title Whom God hath joined.
260 ## - PUBLICATION, DISTRIBUTION, ETC. (IMPRINT)
Place of publication, distribution, etc Philadelphia, PA., :
Name of publisher, distributor, etc Westminster Press
Date of publication, distribution, etc c1953
300 ## - PHYSICAL DESCRIPTION
Extent 95 p. ;
Dimensions 20 cm.
650 ## - SUBJECT ADDED ENTRY--TOPICAL TERM
Topical term or geographic name as entry element Marriage
942 ## - ADDED ENTRY ELEMENTS (KOHA)
Source of classification or shelving scheme
Koha item type Books
Copies
Permanent Location Shelving location Date last seen Koha item type Full call number Copy number Lost status Price effective from Damaged status Withdrawn status Not for loan Date acquired Barcode Source of classification or shelving scheme
RHEMA Bible Training CollegeGeneral Stacks2010-04-14BooksHQ 734 .M18451 2010-04-14   2010-04-1412478